000 00731nam a2200241Ia 4500
003 OSt
005 20220923225306.0
006 a|||||r|||| 00| 0
007 ta
008 220922b |||||||| |||| 00| 0 hin d
024 _a262,127
037 _cTextual
040 _aARTS
_cARTS
_bhin
041 _2hin
_ahin
082 _aO152,1I80,1:g, L7
100 _aअग्रवाल, माया
_9156275
245 0 _aजायसी कृत पद्मावात
246 _aJāyasī kṛut padmāvāta
260 _c1977
650 _aहिन्दी साहित्य
_9156264
942 _hO152,1I80,1:g, L7
_cTEXL
_2CC
999 _c377275
_d377275